| 000 | 00473nam a2200169Ia 4500 | ||
|---|---|---|---|
| 003 | GCL | ||
| 008 | 140319s9999 xx 000 0 eng d | ||
| 040 |
_aGCL / _cGCL |
||
| 082 | 0 | 4 |
_a337.1 _bH E |
| 100 | 1 | _aHEALEY, NIGEL M. | |
| 245 | 1 | 0 |
_aTHE ECONOMICS OF THE NEW EUROPE / _cHEALEY, NIGEL M. |
| 260 |
_a[S.N] : _bROUTLEDGE ، _c1995 |
||
| 300 | _a317 P | ||
| 650 | 0 | 4 | _aEUROPEAN ECONOMIC COMMUNITY |
| 650 | 0 | 4 | _aEUROPEAN MONETARY SYSTEM - ORGANIZATION |
| 942 |
_2ddc _cBK |
||
| 999 |
_c24567 _d24567 |
||